[Event "SR 4. liga A21 2012/2013"]
[Site "?"]
[Date "2013.03.17"]
[Round "11.6"]
[White "Pericka, Pavol"]
[Black "Smrek, Peter"]
[Result "1-0"]
[WhiteElo "1821"]
[BlackElo "1845"]
[PlyCount "205"]
[EventDate "2012.??.??"]

1. e4 c5 2. Bc4 e6 3. Qe2 Nc6 4. Nf3 Nge7 5. Nc3 a6 6. a4 Nd4 7. Nxd4 cxd4 8.
Nd1 Nc6 9. c3 Qg5 10. O-O Bd6 11. d3 Bf4 12. Bxf4 Qxf4 13. g3 Qg5 14. f4 Qc5
15. Nf2 h5 16. b4 Qa7 17. b5 Na5 18. Ba2 dxc3 19. Rfc1 Qd4 20. Qe1 axb5 21.
axb5 c2 22. Bc4 O-O 23. Rxa5 Rxa5 24. Qxa5 d5 25. Rxc2 dxc4 26. dxc4 Rd8 27.
Qc7 Qd7 28. Qe5 g6 29. Qf6 b6 30. Ra2 Bb7 31. Ra7 Rc8 32. Qc3 Rc7 33. Ra1 Qc8
34. Rc1 Qa8 35. Qd4 Rc5 36. Nd3 Qa3 37. Ra1 Rxc4 38. Qd8+ Qf8 39. Qxb6 Bxe4 40.
Ne5 Qc5+ 41. Qxc5 Rxc5 42. Nd7 Rf5 43. b6 Kg7 44. Ra7 Rb5 45. Rc7 Bd5 46. Kf2
h4 47. Ke3 Rb3+ 48. Kd4 h3 49. Rc2 Bg2 50. Kc5 f6 51. Kd6 Kf7 52. Kc7 g5 53.
fxg5 fxg5 54. Ne5+ Kf6 55. Nc6 e5 56. b7 Rxb7+ 57. Kxb7 e4 58. Kb6 Bf3 59. Kc5
e3 60. Kd4 e2 61. Rc1 Bxc6 62. Kd3 Bb5+ 63. Kd2 g4 64. Rc5 Bd3 65. Rc3 Bb5 66.
Re3 Kf5 67. Ke1 Bc4 68. Kd2 Bb5 69. Kc3 Ba6 70. Kd4 Kf6 71. Kc5 Kf5 72. Kd6 Bc4
73. Ke7 Bb5 74. Kd6 Bc4 75. Re5+ Kf6 76. Re4 Kf5 77. Rf4+ Kg5 78. Re4 Bd3 79.
Re5+ Kf6 80. Kd5 Bc4+ 81. Kd4 Ba6 82. Re3 Kf5 83. Re8 Bb5 84. Re5+ Kf6 85. Re4
Kf5 86. Re3 Kf6 87. Kc3 Kf5 88. Kd2 Bc4 89. Rc3 Bd5 90. Kxe2 Ke4 91. Rc7 Kd4
92. Re7 Bf3+ 93. Kd2 Be4 94. Rd7+ Bd5 95. Ke2 Ke4 96. Re7+ Kf5 97. Ke3 Bb3 98.
Kd4 Ba2 99. Re5+ Kf6 100. Ra5 Bb3 101. Ke3 Ke6 102. Kf4 Bd1 103. Rg5 1-0

[Event "SR 4. liga A21 2012/2013"]
[Site "?"]
[Date "2013.03.17"]
[Round "11.6"]
[White "Podjavorinsky, Peter"]
[Black "Sadlon, Juraj"]
[Result "1/2-1/2"]
[WhiteElo "1720"]
[BlackElo "1804"]
[PlyCount "82"]
[EventDate "2012.??.??"]

1. e4 e5 2. Nf3 Nc6 3. Bc4 Nf6 4. Ng5 d5 5. exd5 Na5 6. Bb5+ c6 7. dxc6 bxc6 8.
Be2 Bc5 9. O-O O-O 10. c3 Bf5 11. b4 Nd5 12. bxa5 Bxb1 13. Rxb1 Qxg5 14. d4 Qf5
15. Bb2 exd4 16. cxd4 Bb4 17. Bd3 Qf6 18. Qa4 Bc3 19. Rfc1 Bxb2 20. Rxb2 Nf4
21. Bf1 Rfc8 22. Rbc2 Qg5 23. Kh1 Ne6 24. Rxc6 Rd8 25. d5 Rxd5 26. Rc8+ Rd8 27.
Rxa8 Rxa8 28. Qc6 Rd8 29. a6 Qd2 30. Qc2 Qd4 31. h3 g6 32. Bc4 Rc8 33. Qb3 Nc5
34. Qd1 Qf6 35. Qd5 Ne6 36. Qd2 Nf4 37. Qe3 Qg5 38. Bxf7+ Kxf7 39. Qb3+ Kf6 40.
Qb2+ Ke6 41. Qb3+ Kf6 1/2-1/2

[Event "SR 4. liga A21 2012/2013"]
[Site "?"]
[Date "2013.03.17"]
[Round "11.6"]
[White "Sadlon, Matus"]
[Black "Madzo, Anton"]
[Result "1-0"]
[WhiteElo "1596"]
[BlackElo "1545"]
[PlyCount "49"]
[EventDate "2012.??.??"]

1. e4 Nc6 2. d4 e6 3. Nf3 a6 4. c3 d5 5. e5 b5 6. Bd3 h6 7. O-O Bd7 8. Nbd2
Nge7 9. Re1 g6 10. Nf1 Bg7 11. Qc2 Nf5 12. Ng3 Nce7 13. b3 Nxg3 14. fxg3 O-O
15. Ba3 Be8 16. Re2 Qd7 17. Rf1 f5 18. exf6 Rxf6 19. Ref2 Nf5 20. Bc1 Rf8 21.
g4 Ne7 22. Ne5 Rxf2 23. Qxf2 Bxe5 24. Qf8+ Kh7 25. Qxh6+ 1-0

[Event "SR 4. liga A21 2014/2015"]
[Site "?"]
[Date "2014.10.12"]
[Round "1.1"]
[White "Gajarsky, Julius"]
[Black "Nemeckay, Rastislav"]
[Result "1/2-1/2"]
[WhiteElo "1798"]
[BlackElo "1985"]
[PlyCount "27"]
[EventDate "2014.??.??"]

1. d4 d5 2. c4 c6 3. Nc3 Nf6 4. Nf3 e6 5. e3 Nbd7 6. a3 a6 7. b4 Bd6 8. c5 Bc7
9. Bd3 e5 10. dxe5 Nxe5 11. Nxe5 Bxe5 12. Qc2 Ng4 13. f4 Bc7 14. O-O 1/2-1/2

[Event "SR 4. liga A21 2014/2015"]
[Site "?"]
[Date "2014.10.12"]
[Round "1.1"]
[White "Sobek, Michal"]
[Black "Kozinka, Jan"]
[Result "1-0"]
[WhiteElo "1684"]
[BlackElo "1791"]
[PlyCount "45"]
[EventDate "2014.??.??"]

1. e4 e6 2. d4 c5 3. Nf3 d5 4. Nc3 cxd4 5. Nxd4 Bb4 6. Bd3 Bxc3+ 7. bxc3 e5 8.
Nf3 dxe4 9. Bxe4 Qxd1+ 10. Kxd1 f6 11. Rb1 Nc6 12. Ke2 Nge7 13. Rd1 Bg4 14.
Rxb7 Rc8 15. Ba3 Rd8 16. Bxc6+ Nxc6 17. Rxd8+ Kxd8 18. Rxg7 f5 19. Ke3 h6 20.
Bc5 a5 21. Bb6+ Ke8 22. Rc7 Nd8 23. Nxe5 1-0

[Event "SR 4. liga A21 2014/2015"]
[Site "?"]
[Date "2014.10.12"]
[Round "1.1"]
[White "Bango, Dominik"]
[Black "Klimes, Karel"]
[Result "1/2-1/2"]
[WhiteElo "1557"]
[BlackElo "1688"]
[PlyCount "32"]
[EventDate "2014.??.??"]

1. e4 e5 2. Nf3 Nc6 3. Bc4 Be7 4. O-O Nf6 5. Nc3 O-O 6. d3 d6 7. h3 Na5 8. Bb3
Nxb3 9. axb3 a6 10. Be3 Be6 11. Qe2 Nd7 12. d4 exd4 13. Nxd4 Bf6 14. Rfd1 Qe7
15. Nxe6 fxe6 16. Bd4 Ne5 1/2-1/2

[Event "SR 4. liga A21 2014/2015"]
[Site "?"]
[Date "2014.10.12"]
[Round "1.2"]
[White "Lanik, Miroslav"]
[Black "Podjavorinsky, Michal"]
[Result "1/2-1/2"]
[WhiteElo "1895"]
[BlackElo "1736"]
[PlyCount "70"]
[EventDate "2014.??.??"]

1. e4 Nf6 2. e5 Nd5 3. d4 d6 4. exd6 exd6 5. c4 Nb6 6. Nc3 Bf5 7. Nf3 Be7 8.
Be3 O-O 9. Be2 Bf6 10. Rc1 Nc6 11. O-O Re8 12. b3 Ne7 13. Qd2 h6 14. Rfd1 d5
15. c5 Nd7 16. h3 c6 17. Nh2 Ng6 18. Bg4 Bxg4 19. Nxg4 Ndf8 20. Re1 Ne6 21. Ne2
Nh4 22. Nf4 Ng5 23. Nxf6+ Qxf6 24. Qe2 Re4 25. Qg4 Rae8 26. Qxh4 Nf3+ 27. gxf3
Qxh4 28. fxe4 Rxe4 29. Kg2 Rxf4 30. Bxf4 Qxf4 31. Rcd1 g6 32. Re3 b6 33. cxb6
axb6 34. Red3 h5 35. a4 Qd6 1/2-1/2

[Event "SR 4. liga A21 2014/2015"]
[Site "?"]
[Date "2014.10.12"]
[Round "1.2"]
[White "Miciak, Emanuel"]
[Black "Palka, Miroslav"]
[Result "1/2-1/2"]
[WhiteElo "1882"]
[BlackElo "1912"]
[PlyCount "64"]
[EventDate "2014.??.??"]

1. d4 d5 2. c4 e6 3. Nf3 g6 4. Nc3 Bg7 5. e4 dxc4 6. Bxc4 Ne7 7. O-O O-O 8. Be3
b6 9. a3 Bb7 10. Qc2 Nd7 11. Rfd1 c6 12. Rac1 Nf6 13. h3 Rc8 14. b4 Qc7 15. Bb3
Nd7 16. Qa2 Qd8 17. Ng5 h6 18. Nf3 Kh7 19. Qd2 Ng8 20. e5 c5 21. Qe2 cxb4 22.
axb4 Qe7 23. Na2 Rfd8 24. h4 f5 25. exf6 Ngxf6 26. Bc2 Bd5 27. Bd3 Ne4 28. h5
g5 29. Nd2 Bxa2 30. Nxe4 Rxc1 31. Rxc1 Bd5 32. Nxg5+ Kg8 1/2-1/2

[Event "SR 4. liga A21 2014/2015"]
[Site "?"]
[Date "2014.10.12"]
[Round "1.2"]
[White "Kubik, Peter"]
[Black "Smrek, Peter"]
[Result "1/2-1/2"]
[WhiteElo "1854"]
[BlackElo "1831"]
[PlyCount "79"]
[EventDate "2014.??.??"]

1. e4 c5 2. Nf3 Nc6 3. d4 cxd4 4. Nxd4 e5 5. Nxc6 bxc6 6. c4 Nf6 7. Bd3 Bb4+ 8.
Bd2 Bxd2+ 9. Qxd2 d5 10. cxd5 cxd5 11. Bb5+ Bd7 12. Bxd7+ Qxd7 13. exd5 Qxd5
14. Qxd5 Nxd5 15. Nc3 Nxc3 16. bxc3 Rc8 17. Kd2 Ke7 18. Rab1 Rhd8+ 19. Kc2 Rc7
20. Rhe1 Rd5 21. f4 Ke6 22. Rxe5+ Rxe5 23. fxe5 Kxe5 24. Kd3 Rd7+ 25. Ke3 f5
26. g3 g5 27. Rb2 f4+ 28. gxf4+ gxf4+ 29. Kf3 Rd3+ 30. Kg4 h5+ 31. Kxh5 Rxc3
32. Kg4 f3 33. Rf2 Ke4 34. h4 Rc8 35. Rb2 Rg8+ 36. Kh3 Ke3 37. Rb3+ Ke2 38.
Rb2+ Kd3 39. Rb3+ Ke4 40. Rb4+ 1/2-1/2

[Event "SR 4. liga A21 2014/2015"]
[Site "?"]
[Date "2014.10.12"]
[Round "1.2"]
[White "Podjavorinsky, Peter"]
[Black "Tokos, Rastislav"]
[Result "0-1"]
[WhiteElo "1707"]
[BlackElo "1827"]
[PlyCount "80"]
[EventDate "2014.??.??"]

1. e4 c5 2. d4 cxd4 3. Qxd4 Nc6 4. Qd1 g6 5. Nf3 Bg7 6. c3 d6 7. Bb5 a6 8. Ba4
Bd7 9. O-O Nf6 10. Re1 O-O 11. Bf4 Nh5 12. Bg5 h6 13. Be3 b5 14. Bb3 Na5 15. e5
Nxb3 16. axb3 dxe5 17. Bc5 Bg4 18. Qxd8 Rfxd8 19. Nbd2 Bxf3 20. Nxf3 e6 21.
Nxe5 Rd2 22. Rab1 Rd5 23. Bd4 Nf4 24. g3 Bxe5 25. Rxe5 Rxe5 26. Bxe5 Nd5 27. c4
Nb4 28. Rd1 Nc6 29. Bd6 Rd8 30. Kf1 f6 31. c5 Kf7 32. Ke1 e5 33. Bc7 Rxd1+ 34.
Kxd1 Ke6 35. Kd2 Nb4 36. f3 f5 37. h4 Kd5 38. Bb6 Nc6 39. g4 h5 40. gxf5 gxf5
0-1

[Event "SR 4. liga A21 2014/2015"]
[Site "?"]
[Date "2014.10.12"]
[Round "1.2"]
[White "Bendzela, Tibor"]
[Black "Lanyi, Frantisek"]
[Result "1-0"]
[WhiteElo "1515"]
[BlackElo "1655"]
[PlyCount "73"]
[EventDate "2014.??.??"]

1. e4 e5 2. d4 exd4 3. Qxd4 Nc6 4. Qe3 d6 5. Nc3 Nf6 6. Bd2 a6 7. O-O-O Be7 8.
f3 Be6 9. h3 b5 10. g4 Nd7 11. Qf2 Nb6 12. Be3 Nc4 13. Bxc4 Bxc4 14. f4 O-O 15.
h4 f6 16. Nf3 Qe8 17. b3 Be6 18. f5 Ne5 19. fxe6 Nxg4 20. Qg1 Nxe3 21. Qxe3 f5
22. Nd5 Qd8 23. Nxe7+ Qxe7 24. Nd4 f4 25. Qf3 c5 26. Nf5 Qxe6 27. Rxd6 Qe5 28.
Kb1 c4 29. Rd5 Qc7 30. Rg1 g6 31. h5 cxb3 32. axb3 Rac8 33. Rg2 Rf6 34. hxg6
Rxg6 35. Rxg6+ hxg6 36. Qg2 Kf7 37. Nd6+ 1-0

[Event "SR 4. liga A21 2014/2015"]
[Site "?"]
[Date "2014.10.12"]
[Round "1.3"]
[White "Diviak, Rastislav"]
[Black "Vepy, Ivan"]
[Result "0-1"]
[WhiteElo "2001"]
[BlackElo "1923"]
[PlyCount "120"]
[EventDate "2014.??.??"]

1. e4 e5 2. Nf3 Nc6 3. Bb5 a6 4. Ba4 Nf6 5. O-O b5 6. Bb3 h6 7. c3 d6 8. h3 Be7
9. Re1 O-O 10. d4 Bb7 11. Nbd2 Rc8 12. Nf1 Re8 13. Ng3 Bf8 14. a4 exd4 15. cxd4
b4 16. a5 Ne7 17. Ba4 Bc6 18. d5 Bxa4 19. Qxa4 c5 20. dxc6 Nxc6 21. Bf4 Ne5 22.
Rad1 Qd7 23. Qxd7 Nfxd7 24. Nf5 Nxf3+ 25. gxf3 Ne5 26. Bxe5 Rxe5 27. Nxd6 Bxd6
28. Rxd6 Rxa5 29. Rb6 Rc4 30. Rd1 Ra2 31. Rd8+ Kh7 32. Rd7 Rxb2 33. Rxa6 Rcc2
34. Kg2 Rxf2+ 35. Kg3 Rg2+ 36. Kf4 Rg6 37. Rxg6 Kxg6 38. Rd6+ f6 39. e5 Re2 40.
exf6 gxf6 41. Rb6 Rb2 42. h4 Rb1 43. h5+ Kxh5 44. Rxf6 b3 45. Rb6 b2 46. Kf5
Rf1 47. Rxb2 Rxf3+ 48. Ke4 Kg4 49. Rb8 Rf6 50. Rg8+ Kh4 51. Ke3 h5 52. Rg1 Rf5
53. Ke2 Kh3 54. Rf1 Ra5 55. Rf3+ Kg4 56. Rf2 h4 57. Kf1 h3 58. Rf8 Ra1+ 59. Kf2
h2 60. Rg8+ Kf5 0-1

[Event "SR 4. liga A21 2014/2015"]
[Site "?"]
[Date "2014.10.12"]
[Round "1.3"]
[White "Kubik, Peter"]
[Black "Buran, Andrej"]
[Result "1-0"]
[WhiteElo "1826"]
[BlackElo "1586"]
[PlyCount "113"]
[EventDate "2014.??.??"]

1. e4 e5 2. Nf3 Nc6 3. Bb5 Bc5 4. Nxe5 Bxf2+ 5. Kxf2 Nxe5 6. d4 Qh4+ 7. g3 Qf6+
8. Kg2 Nc6 9. e5 Qg6 10. Nc3 Nge7 11. a3 O-O 12. Bd3 Qe6 13. Be4 d5 14. exd6
Qxd6 15. Bf4 Qxd4 16. Qxd4 Nxd4 17. Bxc7 Nec6 18. Rhe1 Bf5 19. Bxf5 Nxf5 20.
Rad1 Rfe8 21. Nd5 Rac8 22. b4 h6 23. Kf2 Nce7 24. Nxe7+ Rxe7 25. Rxe7 Nxe7 26.
Rd8+ Rxd8 27. Bxd8 Nc6 28. Bc7 a6 29. Ke3 Kf8 30. Bd6+ Ke8 31. c4 g6 32. g4 Nd8
33. Ke4 Nc6 34. h4 f6 35. h5 Kf7 36. a4 Nd8 37. c5 Ne6 38. b5 Ng5+ 39. Kd5 gxh5
40. gxh5 Nh3 41. c6 bxc6+ 42. bxc6 Ke8 43. Ke6 Kd8 44. Kxf6 Ng5 45. Kg6 Ne6 46.
Kxh6 Nd4 47. c7+ Kd7 48. Bh2 Nf5+ 49. Kg6 Ne7+ 50. Kf7 Nf5 51. Kf6 Ne3 52. Kg6
Nd5 53. h6 Ne7+ 54. Kf7 Nf5 55. h7 Nh6+ 56. Kg6 Ng4 57. h8=Q 1-0

[Event "SR 4. liga A21 2014/2015"]
[Site "?"]
[Date "2014.10.12"]
[Round "1.3"]
[White "Ulehla, Jakub"]
[Black "Hrubsa, Marian"]
[Result "1/2-1/2"]
[WhiteElo "1479"]
[BlackElo "1826"]
[PlyCount "99"]
[EventDate "2014.??.??"]

1. e4 e6 2. d4 d5 3. e5 c5 4. Nf3 Nc6 5. c3 cxd4 6. cxd4 Qb6 7. Bd3 Bd7 8. Bc2
Nb4 9. Bb3 Bb5 10. Ba4 Rc8 11. Nc3 Bxa4 12. Qxa4+ Qc6 13. Qxc6+ Rxc6 14. O-O
Ne7 15. Be3 Nf5 16. Bf4 Nc2 17. Rad1 Rc4 18. Ne2 b5 19. b3 Rc6 20. Bc1 Be7 21.
Bb2 b4 22. Rc1 O-O 23. Rfd1 Rfc8 24. h3 a5 25. Rd2 h6 26. Kh2 Kf8 27. g3 Ke8
28. Kg2 Kd7 29. Kh2 R8c7 30. Kg2 Kc8 31. h4 Kb7 32. Kh3 g5 33. hxg5 hxg5 34.
Kg4 Nh6+ 35. Kh5 Nf5 36. Nxg5 Bxg5 37. Kxg5 Rc8 38. Kg4 Kb6 39. Kh3 Kb5 40. g4
Rh8+ 41. Kg2 Nh4+ 42. Kg3 Na3 43. Bxa3 bxa3 44. Rdc2 Rxc2 45. Rxc2 Kb6 46. Rc5
Ng6 47. Nc3 Rh1 48. Kg2 Ra1 49. Rc8 Kb7 50. Rc5 1/2-1/2

[Event "SR 4. liga A21 2014/2015"]
[Site "?"]
[Date "2014.10.12"]
[Round "1.3"]
[White "Planka, Peter"]
[Black "Trojkova, Michaela"]
[Result "1-0"]
[WhiteElo "1764"]
[BlackElo "1461"]
[PlyCount "141"]
[EventDate "2014.??.??"]

1. e4 c5 2. Nf3 Nc6 3. d4 cxd4 4. Nxd4 g6 5. Be3 Bg7 6. Nc3 Nf6 7. Be2 O-O 8.
O-O a6 9. Qd2 Qc7 10. Rad1 d6 11. f3 Bd7 12. Nd5 Nxd5 13. exd5 Ne5 14. c3 Nc4
15. Bxc4 Qxc4 16. Nb3 Qa4 17. Nc1 Rac8 18. Bh6 Qh4 19. Bxg7 Kxg7 20. Qd4+ Qxd4+
21. Rxd4 Rc7 22. Re1 Re8 23. Nb3 Bb5 24. Nd2 h6 25. Kf2 f5 26. g3 Bd7 27. Nc4
Bb5 28. Nxd6 Rd8 29. Nxb5 axb5 30. a3 Kf7 31. Re3 Rc5 32. Red3 Kf6 33. f4 Rd6
34. h3 h5 35. Kf3 b6 36. Rd2 Rc7 37. Ke3 Rc5 38. Kf3 Rc7 39. g4 h4 40. g5+ Kf7
41. a4 Rc5 42. axb5 Rxb5 43. c4 Rb3+ 44. R4d3 Rb4 45. b3 Ke8 46. Re2 Kd7 47.
Rde3 Kd8 48. Kg2 Rd7 49. Ra2 b5 50. Ra8+ Kc7 51. Rc3 bxc4 52. Rxc4+ Rxc4 53.
bxc4 Kb6 54. Rc8 Ra7 55. Rc6+ Kb7 56. Rxg6 Ra2+ 57. Kf1 Ra1+ 58. Ke2 Ra3 59.
Re6 Rxh3 60. Rxe7+ Kc8 61. g6 Rg3 62. Rh7 Rxg6 63. Rxh4 Kc7 64. Kd3 Kd6 65. Kd4
Kd7 66. Ke5 Rg4 67. Rh7+ Kd8 68. Kd6 Kc8 69. c5 Rxf4 70. c6 Rf1 71. Rh8# 1-0

[Event "SR 4. liga A21 2014/2015"]
[Site "?"]
[Date "2014.10.12"]
[Round "1.3"]
[White "Filipek, Norbert"]
[Black "Danihel, Jozef"]
[Result "0-1"]
[WhiteElo "1414"]
[BlackElo "1574"]
[PlyCount "96"]
[EventDate "2014.??.??"]

1. e4 d5 2. exd5 Nf6 3. Nf3 Nxd5 4. d4 c6 5. Bc4 Bg4 6. O-O e6 7. Re1 Bd6 8.
Bxd5 cxd5 9. h3 Bh5 10. Bg5 Qc7 11. Nc3 Qc6 12. Re3 O-O 13. Qe1 Nd7 14. Rd1 h6
15. g4 Bg6 16. Ne5 Bxe5 17. Bxh6 Bf6 18. Bf4 Qb6 19. Rg3 Bxc2 20. Rd2 Bg6 21.
Qe3 Rfe8 22. g5 Be7 23. h4 Bd6 24. Bxd6 Qxd6 25. f4 Nb6 26. b3 Nd7 27. Kh2 Bh5
28. Kg1 Bg6 29. Rh2 Bh5 30. Rgg2 g6 31. Ne2 Kg7 32. Ng3 Rh8 33. Rf2 Rac8 34.
Nxh5+ Rxh5 35. Qg3 Qb4 36. Rc2 Qxd4+ 37. Qf2 Qd1+ 38. Qf1 Qxf1+ 39. Kxf1 Rxc2
40. Rxc2 Rxh4 41. Rc7 Rxf4+ 42. Ke2 Re4+ 43. Kd3 Ne5+ 44. Kc2 Re2+ 45. Kd1 Rxa2
46. Rxb7 Nf3 47. b4 Nxg5 48. b5 Kf6 0-1

[Event "SR 4. liga A21 2014/2015"]
[Site "?"]
[Date "2014.10.12"]
[Round "1.4"]
[White "Jarabek, Milan"]
[Black "Skapikova, Lubica"]
[Result "1/2-1/2"]
[WhiteElo "1690"]
[BlackElo "1862"]
[PlyCount "45"]
[EventDate "2014.??.??"]

1. e4 e5 2. d4 exd4 3. c3 dxc3 4. Bc4 Nf6 5. Nxc3 Bb4 6. e5 Ne4 7. Qd5 Ng5 8.
Bxg5 Qxg5 9. Qxf7+ Kd8 10. Nf3 Bxc3+ 11. bxc3 Qe7 12. Qd5 Nc6 13. O-O b6 14. e6
Qxe6 15. Ng5 Qxd5 16. Bxd5 Ke7 17. Rfe1+ Kf6 18. h4 Rb8 19. Re3 Ne5 20. Rae1 d6
21. f4 Ng4 22. Re7 Nh6 23. Rxc7 1/2-1/2

[Event "SR 4. liga A21 2014/2015"]
[Site "?"]
[Date "2014.10.12"]
[Round "1.4"]
[White "Sadlon, Juraj"]
[Black "Zlamal, Marek"]
[Result "1-0"]
[WhiteElo "1820"]
[BlackElo "1671"]
[PlyCount "27"]
[EventDate "2014.??.??"]

1. e4 c5 2. Nf3 Nc6 3. c3 d6 4. Bb5 a6 5. Bxc6+ bxc6 6. O-O Bg4 7. h3 Bh5 8. d3
e5 9. Nbd2 Be7 10. Re1 Nh6 11. Qa4 Qb6 12. Nh2 Bg5 13. Nc4 Qb5 14. Nxd6+ 1-0

[Event "SR 4. liga A21 2014/2015"]
[Site "?"]
[Date "2014.10.12"]
[Round "1.4"]
[White "Harasta, Marian"]
[Black "Skapik, Branislav"]
[Result "0-1"]
[WhiteElo "1600"]
[BlackElo "1822"]
[PlyCount "72"]
[EventDate "2014.??.??"]

1. d4 e6 2. c4 Nf6 3. Nc3 Bb4 4. Qb3 Bxc3+ 5. bxc3 c5 6. e3 d6 7. Nf3 O-O 8.
Be2 Nc6 9. O-O Qc7 10. Ba3 b6 11. h3 Rd8 12. Rfd1 Bb7 13. Qc2 e5 14. d5 Ne7 15.
Rab1 Ng6 16. Nh2 Bc8 17. Bc1 e4 18. Nf1 Bf5 19. Ng3 Qc8 20. a4 h5 21. Bxh5 Nxh5
22. Nxh5 Ne5 23. Qe2 Bxh3 24. Nf4 Bg4 25. Qf1 Bxd1 26. Qxd1 Qg4 27. Qc2 g5 28.
Ne2 Nf3+ 29. Kf1 Nh4 30. Ng3 f5 31. Bd2 Re8 32. Re1 Re7 33. Qd1 Qxd1 34. Rxd1
Rf8 35. Re1 Ng6 36. Kg1 Ne5 0-1

[Event "SR 4. liga A21 2014/2015"]
[Site "?"]
[Date "2014.10.12"]
[Round "1.4"]
[White "Pericka, Pavol"]
[Black "Drabek, Martin"]
[Result "1-0"]
[WhiteElo "1789"]
[BlackElo "1456"]
[PlyCount "77"]
[EventDate "2014.??.??"]

1. e4 e5 2. Bc4 Nf6 3. Nf3 Nc6 4. Ng5 d5 5. exd5 Na5 6. d3 Nxc4 7. dxc4 Bd6 8.
h3 h6 9. Nf3 Bf5 10. O-O O-O 11. Be3 Ne4 12. Nbd2 Qf6 13. Nxe4 Bxe4 14. Nd2 Qg6
15. Nxe4 Qxe4 16. Qe2 b6 17. f3 Qh4 18. c3 f5 19. Bf2 Qe7 20. Rae1 Rae8 21. b4
Qd7 22. c5 bxc5 23. bxc5 Be7 24. Qc4 Bf6 25. c6 Qf7 26. Rb1 Rb8 27. Bxa7 Ra8
28. Rb7 Rac8 29. Qb3 Bd8 30. c4 Qf6 31. Rb8 Rxb8 32. Bxb8 Qd6 33. Ba7 Be7 34.
Rb1 Qa3 35. Qxa3 Bxa3 36. Rb8 Rxb8 37. Bxb8 Bc5+ 38. Kf1 Bb6 39. c5 1-0

[Event "SR 4. liga A21 2014/2015"]
[Site "?"]
[Date "2014.10.12"]
[Round "1.4"]
[White "Spanik, Ondrej"]
[Black "Sadlon, Matus"]
[Result "0-1"]
[WhiteElo "1228"]
[BlackElo "1591"]
[PlyCount "56"]
[EventDate "2014.??.??"]

1. e4 e5 2. Nf3 Nc6 3. Bc4 Nf6 4. d3 d6 5. Nc3 Be7 6. Bg5 O-O 7. h3 a6 8. Bxf6
Bxf6 9. Nd5 Na5 10. Qd2 Nxc4 11. dxc4 Be6 12. O-O-O b5 13. Nxf6+ Qxf6 14. cxb5
axb5 15. Qb4 Qh6+ 16. Qd2 Qxd2+ 17. Kxd2 Rxa2 18. Kc3 Rfa8 19. Nd2 Kf8 20. Nb3
R8a4 21. Rb1 Rxe4 22. Kd3 Rea4 23. f3 c5 24. Nd2 Bf5+ 25. Ne4 d5 26. g4 dxe4+
27. fxe4 Bxe4+ 28. Ke3 Bxh1 0-1

[Event "SR 4. liga A21 2014/2015"]
[Site "?"]
[Date "2014.10.12"]
[Round "1.6"]
[White "Kubis, Ivan"]
[Black "Curidlo, Jan"]
[Result "1-0"]
[WhiteElo "1991"]
[BlackElo "1889"]
[PlyCount "113"]
[EventDate "2014.??.??"]

1. e4 c6 2. d4 d5 3. Nc3 dxe4 4. Nxe4 Bf5 5. Ng3 Bg6 6. Nf3 Nd7 7. h4 h6 8. h5
Bh7 9. Bd3 Bxd3 10. Qxd3 Ngf6 11. Bd2 e6 12. O-O-O Bd6 13. Ne4 Nxe4 14. Qxe4
Nf6 15. Qe2 Qc7 16. g3 O-O-O 17. c4 c5 18. Bc3 Qe7 19. a3 Rhe8 20. Kb1 Nd7 21.
Rhe1 Nf6 22. Ne5 Qc7 23. f4 Bxe5 24. dxe5 Rxd1+ 25. Rxd1 Nd7 26. Rd6 f5 27. g4
fxg4 28. Qxg4 Nf8 29. f5 Qe7 30. Qg1 b6 31. Qg2 Kb8 32. fxe6 Nxe6 33. Qc6 Nf8
34. e6 Rc8 35. Qd5 Qb7 36. Qxb7+ Kxb7 37. Bxg7 Re8 38. e7 Nh7 39. Rd7+ Kc6 40.
Rxa7 Kd6 41. Bxh6 Nf6 42. Bf4+ Ke6 43. h6 Nd7 44. Bg5 Ne5 45. b3 Kf5 46. Bd2
Nc6 47. Rb7 Nxe7 48. h7 Nc6 49. Rxb6 Nd4 50. Rh6 Rh8 51. Bc3 Ke4 52. b4 Kd3 53.
Rh3+ Kxc4 54. bxc5 Kxc5 55. Rh5+ Kc4 56. Bb2 Kd3 57. Rh3+ 1-0

[Event "SR 4. liga A21 2014/2015"]
[Site "?"]
[Date "2014.10.12"]
[Round "1.6"]
[White "Slaby, Jozef"]
[Black "Brunovsky, Peter"]
[Result "1/2-1/2"]
[WhiteElo "1879"]
[BlackElo "1869"]
[PlyCount "99"]
[EventDate "2014.??.??"]

1. c4 Nf6 2. Nc3 e6 3. Nf3 d5 4. e3 Be7 5. d4 O-O 6. Qc2 b6 7. cxd5 exd5 8. Bd3
Bb7 9. O-O Nbd7 10. Bd2 Re8 11. Rac1 a6 12. Ne2 Bd6 13. Ng3 g6 14. b4 Qe7 15.
Rb1 Ne4 16. Bc3 f5 17. a4 Ndf6 18. b5 a5 19. Bxe4 fxe4 20. Ne5 Nd7 21. Nxd7
Qxd7 22. Bd2 Rf8 23. Rbc1 Rf7 24. f4 h5 25. Rf2 Raf8 26. Ne2 h4 27. Rcf1 Rf5
28. Qd1 Qh7 29. Nc3 Kg7 30. Qg4 Bc8 31. Qe2 Qg8 32. Qd1 Be6 33. Qe2 Qf7 34. Be1
Qd7 35. Bd2 Rh8 36. h3 Rff8 37. Kh2 g5 38. Rh1 Rf7 39. Rhf1 g4 40. hxg4 Bxg4
41. Qe1 Qf5 42. Qc1 Rf6 43. Qb2 Bh5 44. Qa2 Bf7 45. Rh1 Rg6 46. Be1 Be6 47. Rg1
Kf7 48. Rh1 Rh5 49. Re2 Qg4 50. Kg1 1/2-1/2

[Event "SR 4. liga A21 2014/2015"]
[Site "?"]
[Date "2014.10.12"]
[Round "1.6"]
[White "Zajicek, Ferdinand"]
[Black "Orvisky, Vladimir"]
[Result "1-0"]
[WhiteElo "1836"]
[BlackElo "1800"]
[PlyCount "65"]
[EventDate "2014.??.??"]

1. e4 Nf6 2. Nc3 e5 3. Nf3 d6 4. h3 c6 5. Be2 Be7 6. O-O Nbd7 7. d3 O-O 8. Nh2
Re8 9. f4 exf4 10. Rxf4 Nf8 11. Bg4 Nxg4 12. Nxg4 Ng6 13. Rf1 b5 14. Qf3 Rf8
15. Bd2 b4 16. Ne2 Nh4 17. Qg3 Ng6 18. Nf4 Bh4 19. Qf3 Ne5 20. Nxe5 dxe5 21.
Nh5 Be6 22. Kh1 a5 23. Ng3 g6 24. Bh6 Re8 25. Ne2 Qd6 26. g3 Be7 27. b3 Rad8
28. Qe3 Bxh3 29. Rf2 Bg4 30. Raf1 Be6 31. Rf3 Bf8 32. Kg2 Qd7 33. Rh1 1-0

[Event "SR 4. liga A21 2014/2015"]
[Site "?"]
[Date "2014.10.12"]
[Round "1.6"]
[White "Bardik, Jozef"]
[Black "Kanka, Tomas"]
[Result "1-0"]
[WhiteElo "1928"]
[BlackElo "1723"]
[PlyCount "95"]
[EventDate "2014.??.??"]

1. d4 Nf6 2. c4 c5 3. d5 b5 4. b3 g6 5. Bb2 Bg7 6. Qc2 d6 7. e4 Nbd7 8. cxb5
O-O 9. Bd3 a6 10. bxa6 Bxa6 11. Bxa6 Rxa6 12. Ne2 Qb6 13. Nbc3 Rb8 14. O-O Ne8
15. Na4 Qa7 16. Bxg7 Kxg7 17. g3 Nc7 18. Nec3 Ne5 19. Kg2 Rb4 20. Nb2 c4 21.
Nxc4 Nxc4 22. bxc4 Rxc4 23. Qb3 Qd4 24. Rac1 Rb6 25. Qd1 Qe5 26. Qd3 Rd4 27.
Qe3 Ra6 28. f4 Qf6 29. e5 dxe5 30. fxe5 Qb6 31. Qf3 Rd2+ 32. Rf2 Rxf2+ 33. Qxf2
Qb7 34. Rf1 f6 35. Qf3 h5 36. h4 f5 37. Rb1 Qa8 38. a4 Ra5 39. d6 exd6 40. Qxa8
Rxa8 41. exd6 Ne6 42. Rb7+ Kf8 43. d7 Nc5 44. Rc7 Ne6 45. Rc8+ Ke7 46. Rxa8
Kxd7 47. a5 Kc7 48. Rg8 1-0

[Event "SR 4. liga A21 2014/2015"]
[Site "?"]
[Date "2014.10.12"]
[Round "1.6"]
[White "Kastler, Peter"]
[Black "Sedlak, Rastislav"]
[Result "1/2-1/2"]
[WhiteElo "1757"]
[BlackElo "1754"]
[PlyCount "71"]
[EventDate "2014.??.??"]

1. d4 d5 2. c4 c6 3. e3 Bf5 4. Nc3 Nf6 5. Nf3 e6 6. Nh4 Bg4 7. Be2 Bxe2 8. Qxe2
Bb4 9. O-O Bxc3 10. bxc3 Ne4 11. Nf3 O-O 12. Ba3 Re8 13. Rfc1 Nd7 14. cxd5 cxd5
15. c4 Qa5 16. Qb2 Nb6 17. cxd5 Qxd5 18. Qb3 Rec8 19. Qxd5 Nxd5 20. Rxc8+ Rxc8
21. Rc1 Rc3 22. Kf1 f6 23. Bb2 Rxc1+ 24. Bxc1 b5 25. Nd2 Nxd2+ 26. Bxd2 Kf7 27.
Ke2 f5 28. a3 Ke7 29. Kd3 Nb6 30. Bb4+ Kd7 31. Bc5 Kc6 32. f3 a5 33. e4 Nc4 34.
Bf8 g6 35. h3 h5 36. g4 1/2-1/2

[Event "SR 4. liga A21 2014/2015"]
[Site "?"]
[Date "2014.10.26"]
[Round "2.1"]
[White "Nemeckay, Rastislav"]
[Black "Curidlo, Jan"]
[Result "0-1"]
[WhiteElo "1985"]
[BlackElo "1889"]
[PlyCount "88"]
[EventDate "2014.??.??"]

1. e4 c5 2. Nf3 d6 3. d4 cxd4 4. Nxd4 Nf6 5. Nc3 a6 6. Be3 e6 7. g3 Qc7 8. Bg2
Be7 9. O-O O-O 10. a4 Nbd7 11. f4 Re8 12. Kh1 Nb6 13. Bg1 e5 14. Nde2 Bg4 15.
h3 Bd7 16. a5 Nc8 17. g4 Bc6 18. fxe5 dxe5 19. Ng3 g6 20. Qf3 Rf8 21. Be3 Ne8
22. Qe2 Ncd6 23. Bb6 Qd7 24. Rfd1 Qe6 25. Nd5 Bh4 26. Nf1 Bb5 27. Qf3 Rc8 28.
Nfe3 Nc4 29. b3 Nxe3 30. Nxe3 Rc3 31. Bf1 Bg5 32. Bxb5 axb5 33. Qe2 Qc6 34. Rd5
Bf4 35. Qxb5 Qf6 36. Rd3 Bxe3 37. Bxe3 Qf3+ 38. Kg1 Qg3+ 39. Kf1 Qxh3+ 40. Kg1
Qxg4+ 41. Kf1 Rxc2 42. Bd2 Qxe4 43. Qd5 Qf5+ 44. Rf3 Rxd2 0-1